LEADER 00979nas a2200229 i 4500 001 000000194631 003 CaOOAMICUS 005 20110302000000.0 008 101116b2010 it uu s u0 0ita r 013 $a173290 040 $aSeMil$bita 245 10$aRepertorio liturgico Nazionale CEI :$bla Celebrazione Eucaristica. 260 $a[Roma] :$bSIAE,$ccopyr. 2010. 260 $aLeumann (Torino) :$bElledici,$ccopyr. 2010. 500 $aAllegato al N. 4/2010. 773 0 $tArmonia di Voci.$dLeumann : Elle Di Ci, 1946-2013.$x0391-5425$w()1921 850 $aSeMil 852 $aSeMil$W1$xVenegono$y1$m100 6 46/4 CD$j145202$B145202$CSeMilBibl$Z2$F160433 $85 961 $aAbbonamento: Centro Editoriale Dehoniano 996 $6245$aRepertorio liturgico Nazionale CEI :$bla Celebrazione Eucaristica$9(OLS)http://semarc/title/280653 996 $6260$aLeumann (Torino) :$bElledici$9(OLS)http://semarc/publisher/31236 996 $6260$a[Roma] :$bSIAE$9(OLS)http://semarc/publisher/44534 LEADER 01712nam a2200289 i 4500 001 000000199530 003 CaOOAMICUS 005 20110324000000.0 008 110324s2005 it u000 u ita u 013 $a178222 020 $a88-8256-804-0 040 $aSeMil$bita 245 10$aGregorio Diamare, abate di Montecassino (1909-1945) :$bcontributo alla conoscenza della Chiesa e della Società del Cassinate nella prima metà del Novecento /$cArchivio Storico di Montecassino ; a cura di Faustino Avagliano. 260 $aMontecassino :$bPubblicazioni Cassinesi,$c2005. 300 $a226 p. ;$c22 cm. 490 0 $aBiblioteca del Lazio meridionale : fonti e ricerche storiche sull'abbazia di Montecassino ;$v4 500 $aContiene : Appendice fotografica ; Referenze bibliografiche. 650 4$aDiamare, Gregorio .$0(OLS)http://semarc/subject/37477 700 1 $aAvagliano, Faustino .$0(OLS)http://semarc/name/17469 700 1 $aArchivio Storico di Montecassino .$0(OLS)http://semarc/name/72194 830 0$aBiblioteca del Lazio meridionale : fonti e ricerche storiche sull'abbazia di Montecassino ;$v4.$0(OLS)http://semarc/title/33101 850 $aSeMil 852 $aSeMil$W1$xVenegono$y1$m1538 1 4 *$j150083$B150083$CSeMilBibl$Z2$F161446 $81 961 $aOmaggio: Passoni don Cristiano 996 $6020$a88-8256-804-0$9(OLS)http://semarc/number/191906 996 $6245$aGregorio Diamare, abate di Montecassino (1909-1945) :$bcontributo alla conoscenza della Chiesa e della Società del Cassinate nella prima metà del Novecento$9(OLS)http://semarc/title/288484 996 $6260$aMontecassino :$bPubblicazioni Cassinesi$9(OLS)http://semarc/publisher/36160